Statistics for Country Border Chain

Click here to take the quiz!

General Stats

  • This quiz has been taken 52 times
  • The average score is 11 of 15

Answer Stats

HintAnswer% Correct
EstoniaRussia
93%
MoldovaUkraine
93%
BosniaCroatia
83%
SlovakiaPoland
83%
IraqTurkey
80%
BelarusLatvia
78%
TurkmenistanIran
73%
SloveniaItaly
73%
FranceBrazil
65%
BulgariaSerbia
65%
BoliviaPeru
60%
UruguayArgentina
58%
GuyanaSuriname
58%
ColumbiaVenezuela
58%
ChinaAfghanistan
55%

Score Distribution

Percentile by Number Answered

Percent of People with Each Score

Your Score History

You have not taken this quiz